书目信息 |
| 题名: |
企业生产员工安全行为影响因素及监管研究
|
|
| 作者: | 石娟 著 | |
| 分册: | ||
| 出版信息: | 北京 科学出版社 2019.06 |
|
| 页数: | 128页 | |
| 开本: | 24cm | |
| 丛书名: | ||
| 单 册: | ||
| 中图分类: | X931 | |
| 科图分类: | ||
| 主题词: | 企业安全--qi ye an quan--安全生产--安全管理--研究 | |
| 电子资源: | ||
| ISBN: | 978-7-03-061089-8 | |
| 000 | 01604nam0 2200277 450 | |
| 001 | 0100010690 | |
| 005 | 20190905093951.0 | |
| 010 | @a978-7-03-061089-8@dCNY68.00 | |
| 100 | @a20190903d2019 em y0chiy50 ea | |
| 101 | 0 | @achi |
| 102 | @aCN@b110000 | |
| 105 | @aak a 000yy | |
| 106 | @ar | |
| 200 | 1 | @a企业生产员工安全行为影响因素及监管研究@Aqi ye sheng chan yuan gong an quan xing wei ying xiang yin su ji jian guan yan jiu@f石娟著 |
| 210 | @a北京@c科学出版社@d2019.06 | |
| 215 | @a128页@c图@d24cm | |
| 300 | @a天津市哲学社会科学规划重点项目 (项目编号: TJSR16-004) 国家自然科学基金项目 (项目编号: 71603181) 天津市科学技术协会资助 | |
| 306 | @a天津市科协资助出版 | |
| 314 | @a石娟, 天津理工大学管理学院教授, 博士生导师。现担任中国技术经济学会神经经济管理专业委员会委员。 | |
| 320 | @a有书目 (第106-113页) | |
| 330 | @a本书从企业生产员工安全行为的概念及构成要素出发, 深入分析了企业生产员工安全行为产生的影响因素、机理及企业生产员工与企业安全监管人员之间的行为博弈关系。本书理论与实践相结合, 一方面深入分析了国内外学者对企业生产员工安全行为产生的影响因素、企业生产员工与企业安全监管人员的行为博弈等方面的理论研究 ; 另一方面运用解释结构模型、误差修正模型、演化博弈模型及MATLAB仿真等科学的研究方法, 得出了企业生产员工安全行为产生的内在机理及企业安全监管人员与企业生产员工之间的演化博弈过程, 提出了切实有效地防控及监管企业生产员工安全行为的对策建议, 为避免企业安全生产事故的发生提供了新思路、新途径。 | |
| 606 | 0 | @a企业安全@Aqi ye an quan@x安全生产@x安全管理@x研究 |
| 690 | @aX931@v5 | |
| 701 | 0 | @a石娟@Ashi juan@4著 |
| 801 | 0 | @aCN@c20190905 |
| 905 | @a河南城建学院图书馆@dX931@eS528 | |
| 企业生产员工安全行为影响因素及监管研究/石娟著.-北京:科学出版社,2019.06 |
| 128页:图;24cm |
| 天津市哲学社会科学规划重点项目 (项目编号: TJSR16-004) 国家自然科学基金项目 (项目编号: 71603181) 天津市科学技术协会资助 |
| ISBN 978-7-03-061089-8:CNY68.00 |
| 本书从企业生产员工安全行为的概念及构成要素出发, 深入分析了企业生产员工安全行为产生的影响因素、机理及企业生产员工与企业安全监管人员之间的行为博弈关系。本书理论与实践相结合, 一方面深入分析了国内外学者对企业生产员工安全行为产生的影响因素、企业生产员工与企业安全监管人员的行为博弈等方面的理论研究 ; 另一方面运用解释结构模型、误差修正模型、演化博弈模型及MATLAB仿真等科学的研究方法, 得出了企业生产员工安全行为产生的内在机理及企业安全监管人员与企业生产员工之间的演化博弈过程, 提出了切实有效地防控及监管企业生产员工安全行为的对策建议, 为避免企业安全生产事故的发生提供了新思路、新途径。 |
| ● |
| 相关链接 |
|
|
|
正题名:企业生产员工安全行为影响因素及监管研究
索取号:X931/S528
 
预约/预借
| 序号 | 登录号 | 条形码 | 馆藏地/架位号 | 状态 | 备注 |
| 1 | 1438683 | 214386831 | 自科库501/501自科库 122排1列3层/ [索取号:X931/S528] | 在馆 | |
| 2 | 1438684 | 214386840 | 自科库501/501自科库 122排1列3层/ [索取号:X931/S528] | 在馆 |